header

Resisting McDonaldization (Record no. 191142)

MARC details
000 -LEADER
fixed length control field 01467nam a2200409 a 4500
082 04 - DEWEY DECIMAL CLASSIFICATION NUMBER
Classification number 303.48/2
245 00 - TITLE STATEMENT
Title Resisting McDonaldization
260 ## - PUBLICATION, DISTRIBUTION, ETC. (IMPRINT)
Place of publication London ;
-- Thousand Oaks [Calif.] :
Name of publisher Sage,
Year of publication 1999.
300 ## - PHYSICAL DESCRIPTION
Number of Pages x, 261 p. :
Other physical details ill.
650 #0 - SUBJECT ADDED ENTRY--TOPICAL TERM
Topical Term Consumer behavior.
Topical Term Franchises (Retail trade)
Topical Term Marketing.
Topical Term Consumption (Economics)
Topical Term Capitalism.
Topical Term Fast food restaurants.
Topical Term Industrial management.
700 1# - ADDED ENTRY--PERSONAL NAME
Personal name Smart, Barry.
856 40 - ELECTRONIC LOCATION AND ACCESS
Uniform Resource Identifier http://site.ebrary.com/lib/rucke/Doc?id=10392724

No items available.

© 2026 Rongo University
Contact us: librarian | system librarian | Rongo university